000 00501nam a2200181Ia 4500
001 11618
005 20260306162841.0
008 260306t2008||||xx |||||||||||||| ||spa||
041 _aESP
082 _a985.404
_bB84
100 _aBrown, Kendall W.
_eAUT
245 0 _aBorbones y aguardiente:
_bla reforma imperial en el sur peruano: arequipa en visperas de la independencia
260 _c2008
300 _a320 páginas :
_c20 cm.
650 _aGEN
654 _aCHU
942 _cLIB
_dJUS
_fJUS
_2ddc
_n
999 _c11618
_d11618